Die Bewertung der Qualitätseigenschaften der Eisen und Stahllegierungen während des Kristallisationsablaufs durch Ausdehnungskräfte. Ungarn /

Na minha lista:
Detalhes bibliográficos
Main Authors: Nándori, G (Author), Jónás, P (Author)
Formato: Livro
Idioma:alemão
Publicado em: Moskva : CIATF, 1988
Tags: Adicionar Tag
Sem tags, seja o primeiro a adicionar uma tag!

MARC

LEADER 00000nam a22000003a 4500
001 stu39664
005 20150617225721.4
008 930222s1988----xxr-----------------ger-d
040 |a STU  |b slo 
041 0 |a ger 
044 |a xxr 
100 1 |a Nándori, G  |4 aut 
245 1 |a Die Bewertung der Qualitätseigenschaften der Eisen und Stahllegierungen während des Kristallisationsablaufs durch Ausdehnungskräfte. Ungarn /  |c [aut.]G. Nándori, P. Jónás 
260 |a Moskva :  |b CIATF,  |c 1988 
300 |a 15 s 
700 1 |a Jónás, P  |4 aut 
996 |b MB 96 7  |c M*B-96-7  |l MMST  |s P  |a 0  |w stu39664_0001